000
00286nam a22001337a 4500
008
170605b xxu||||| |||| 00| 0 eng d
020
_a
9781405447621
041
_a
eng
080
_a
94
100
_a
18
101
_a
SHH
245
_a
IRISH HISTORY
_c
ANNAIDH.S.M
942
_2
udc
_c
BK
999
_c
15914
_d
15914